000 00701nam a2200181Ia 4500
008 090630s9999 xx 000 0 und d
082 _b20345
100 _aपाटील नलिनी.
245 _aभाऊ मांडवकरांचे नाटय लेखन.
_cपाटील नलिनी.
260 _bसेवा - अमरावती.
_c2000
300 _a32
600 _aपाटील नलिनी.
630 _aभाऊ मांडवकरांचे नाटय लेखन.
655 _aइतर.
700 _aपाटील नलिनी.
730 _aभाऊ मांडवकरांचे नाटय लेखन.
942 _cBOOK
999 _c272201
_d272201